Statistics for seven lyrics

Click here to take the quiz!

General Stats

  • This quiz has been taken 111 times
  • The average score is 204 of 218

Answer Stats

Lyrics% Correct
a
100%
And
100%
and
100%
be
100%
I
100%
I,
100%
in
100%
me,
100%
me
100%
my
100%
so
100%
The
100%
the
100%
Then
100%
to
100%
you,
100%
you
100%
can
98%
seven
98%
tell
98%
we
98%
with
98%
your
98%
Your
98%
at
97%
for
97%
have
97%
hit
97%
is
97%
like
97%
picture
97%
Please
97%
that
97%
why
97%
won't
97%
always
95%
can't
95%
cry
95%
folk
95%
live
95%
Love
95%
love
95%
no
95%
our
95%
Our
95%
should
95%
song,
95%
think
95%
trees
95%
come
93%
Cross
93%
dad
93%
face,
93%
haunted
93%
heart,
93%
house
93%
mad,
93%
moon
93%
must
93%
other
93%
Passed
93%
passed
93%
Saturn
93%
songs
93%
still
93%
tea
93%
will
93%
down
91%
I've
91%
just
91%
meaning
91%
or
91%
peak
91%
scared
91%
summer
91%
Sweet
91%
tea
91%
under
91%
was
91%
been
90%
closet
90%
feet
90%
long
90%
pirates
90%
recall
90%
though
90%
too
90%
got
88%
hide
88%
jump
88%
lasts
88%
on
88%
Pennsylvania
88%
forever
86%
sky
86%
But
84%
move
84%
used
84%
high
83%
India
83%
pattern
83%
scream
83%
before
81%
we'll
81%
civility
79%
learned
79%
over
78%
weeds,
78%
dolls
74%
Pack
74%
swing
74%
Are
72%
braids
72%
sweater,
72%
time
72%
beautiful
71%
creek
71%
there
71%
things?
71%
wanted,
71%
any
69%
ferociously
66%

Score Distribution

Percentile by Number Answered

Percent of People with Each Score

Your Score History

You have not taken this quiz